01631nam a22002297a 450000500170000000800410001702000180005804000070007604100120008308200200009510000260011524500410014125000070018226000610018930000280025036500570027852008460033565000450118194200120122699900190123895201440125720260324102919.0260324b |||||||| |||| 00| 0 eng d a9789354661327 cAL aEnglish a621.38195bKANE aA Nagoor Kani9259145 a8086 microprocessor and applications a3. aNew DelhibCBS Publishers and Distributors Pvt Ltdc2022 axvi,566p.bPBc24x17cm. aVBI-2645b₹371.25c₹d₹495.00e25%f20-02-2026 aThis book is organized with 9 chapters. The fundamental concepts of architecture and assembly language programming of 8086 microprocessor are presented in an easiest and elaborative manner. The assembly language programs are illustrated with problem analysis, algorithm and flowchart for better understanding. The assembly language program codes are run on assemblers with sample data and list file and results are also presented for clear understanding of the reader and also useful for laboratory exercises. Salient Features Clear explanation of memory and peripheral interfacing with appropriate diagrams. Different types of fonts for text, examples and programs for better understanding. Step-by-step explanation of program and interfacing concepts. Application case studies are explained with appropriate diagrams and sample programs.  aMicroprocessors and Applications9259146 2ddccBK c241047d241047 00102ddc40708ISEaSEbSEd2026-03-24eVidyarthi Booksg371.25l0o621.38195 KANEpSE000288r2026-03-24 10:33:58v495.00w2026-02-20yBK